000 00918nas a2200289 4500
001 BR8100523
003 BR-BrBNA
005 20231205084517.0
007 ta
008 230509b bl.|||p| |||| 00| 00por d
040 _aBR-BrBNA
_bpor
_cBiblioteca Nacional de Agricultura
041 _a(Pt)
072 _aH10
100 1 _aReis, P.r.
100 1 _aSouza, J.C. de
100 1 _aSantos, J.P. dos
245 1 _aPragas do milho e seu controle [Zea mays; Inseticida; Brasil]
246 1 _a[Maize pests and their control [Zea mays; Insecticide; Brazil]]
650 _aPraga de planta
650 _aMilho
650 _aInseto
650 _aInseticida
650 _aControle quimico
773 0 _tInforme Agropecuario - Empresa de Pesquisa Agropecuaria de Minas Gerais (Brazil)
_xISSN 0100-3364
_g(Dec 1980), v. 6(72) p. 54-61
_wBR8100523
909 _a202311
_bLúcia
_c55
_dLúcia Elande
942 _2AGRIS
_n0
_cANA
999 _c105662
_d105662